Special report: auction (Record no. 104469)
[ view plain ]
| 000 -LEADER | |
|---|---|
| fixed length control field | 00715cab a2200169 4500 |
| 001 - CONTROL NUMBER | |
| control field | L130493 |
| 008 - FIXED-LENGTH DATA ELEMENTS--GENERAL INFORMATION | |
| fixed length control field | 050804n2005 000 0 eng u |
| 035 ## - SYSTEM CONTROL NUMBER | |
| System control number | (Sirsi) u130493 |
| 041 ## - LANGUAGE CODE | |
| Language code of text/sound track or separate title | eng |
| 245 ## - TITLE STATEMENT | |
| Title | Special report: auction |
| 260 ## - PUBLICATION, DISTRIBUTION, ETC. | |
| Date of publication, distribution, etc. | 2005 |
| 490 ## - SERIES STATEMENT | |
| Series statement | Property Week |
| Volume/sequential designation | 70(31) 5 August 2005, 63-72 (7) |
| 520 ## - SUMMARY, ETC. | |
| Summary, etc. | Focussing on auctions, this special report covers commercial property data from the analyst Focus, private investors affected by Southern Cross Group's decision to go into administration, and the back ground to and auction of the Unwins wine merchants property package. |
| 590 ## - LOCAL NOTE (RLIN) | |
| Local note | IKA160805 |
| 690 ## - LOCAL SUBJECT ADDED ENTRY--TOPICAL TERM (OCLC, RLIN) | |
| Topical term or geographic name as entry element | PROPERTY-COMMERCIAL PROPERTY-AUCTIONEERING COMMERCIAL PROPERTY |
| 942 ## - ADDED ENTRY ELEMENTS (KOHA) | |
| Suppress in OPAC | 0 |
| Withdrawn status | Lost status | Source of classification or shelving scheme | Damaged status | Not for loan | Home library | Current library | Shelving location | Date acquired | Total Checkouts | Full call number | Barcode | Date last seen | Copy number | Price effective from | Koha item type |
|---|---|---|---|---|---|---|---|---|---|---|---|---|---|---|---|
| Dewey Decimal Classification | London | London | Journal article | 04/08/2005 | L130493 | 130493-1001 | 06/08/2019 | 1 | 06/08/2019 | Journal article |